00394nam a2200133Ia 4500100001300000942000700013654002800020245002800048260003500076300000800111546001200119999001700131952011200148 aRobbins  cBK aOrgrnizational Bheavior aOrgrnizational Bheavior bprentice hallaNew Delhic1985 a564 aENGLISH c20422d20422 001040708AFTaCRCEbCRCEd2023-03-17eUBCg55.00i2782l0o pAFT4561r2023-03-17v55.00w2023-03-17yBK